| 000 | 00761nam a2200253 a 4500 | ||
|---|---|---|---|
| 001 | 58444 | ||
| 003 | BD-RJUL | ||
| 005 | 20211209080623.0 | ||
| 008 | 161218s1998 nyua 000 0 eng d | ||
| 020 | _a0471169595 | ||
| 035 | _a(BD-RjUL)58568 | ||
| 040 |
_aBD-RjUL _beng _cBD-RjUL |
||
| 041 | _aeng | ||
| 082 |
_223 _a332.6 _bJOI 1998 |
||
| 100 | 1 |
_aJones, Charles Parker, _d1943- _9173567 |
|
| 245 | 1 | 0 |
_aInvestments : _banalysis and management / _cCharles P. Jones. |
| 250 | _a6th ed. | ||
| 260 |
_aNew York ; _aChichester : _bWiley, _c1998. |
||
| 300 |
_axxvi, 663, 21 p. : _bill. ; _c27 cm. |
||
| 504 | _aIncludes bibliographical references and index. | ||
| 650 | 0 |
_aInvestments. _9173568 |
|
| 650 | 0 |
_aInvestment analysis. _9173569 |
|
| 942 |
_2ddc _cBK |
||
| 999 |
_c58444 _d58444 |
||